000 00909nam a22002057a 4500
999 _c913
_d913
003 AR-CdUCM
008 190225b ||||| |||| 00| 0 spa d
040 _aMUNICIPALIDAD PROVINCIAL DEL CUSCO
_cBIBLIOTECA MUNICIPAL DEL CUSCO
082 _a375.251 /
_bA82
100 _aAssociation for student teaching
_93506
245 _aEl maestro supervisor :
_bAspectos de la practica pedagógica /
260 _aArgentina :
_bEditorial Troquel S.A.;
_c1965.
300 _a203 paginas ;
_c23 cm.
505 _aQuienes son maestros supervisores -- Evolución del maestro supervisor -- Comprensión de las necesidades de los estudiantes-maestros: experiencia en el aula -- Comprensión de las necesidades de los estudiantes-maestros :escuela y comunidad ...
650 _aInspección escolar
_93507
650 _aDirectores escolares
_93508
650 _aMaestros
_93509
942 _2ddc
_cLIBROS
945 _arum
_d2019-02-25